Nazionali della CAF - Statistics

Statistiche generali
  • Questo quiz è stato fatto 5 volte
  • Il punteggio medio è 35 su 56
Statistiche sulle risposte
Nazionale % Corretto
Algeria
100%
Angola
100%
Burkina Faso
100%
Camerun
100%
Capo Verde
100%
Costa d'Avorio
100%
Egitto
100%
Liberia
100%
Madagascar
100%
Marocco
100%
Mauritius
100%
Niger
100%
Nigeria
100%
Sudan
100%
Sudan del Sud
100%
Benin
50%
Botswana
50%
Burundi
50%
Ciad
50%
Comore
50%
Eritrea
50%
eSwatini
50%
Etiopia
50%
Gabon
50%
Gambia
50%
Ghana
50%
Gibuti
50%
Guinea
50%
Guinea Bissau
50%
Guinea Equatoriale
50%
Kenya
50%
Lesotho
50%
Libia
50%
Malawi
50%
Mali
50%
Mauritania
50%
Mozambico
50%
Namibia
50%
Repubblica Centrafricana
50%
Repubblica del Congo
50%
Repubblica Democratica del Congo
50%
Ruanda
50%
São Tomé e Príncipe
50%
Senegal
50%
Seychelles
50%
Sierra Leone
50%
Somalia
50%
Sudafrica
50%
Tanzania
50%
Togo
50%
Tunisia
50%
Uganda
50%
Zambia
50%
Zanzibar
50%
Zimbabwe
50%
Riunione
0%
Nessun quiz corrispondente trovato
Distribuzione punteggi
Percentuale di utenti per punteggio
Percentile per numero di risposta
I tuoi punteggi nel tempo
Non hai fatto questo quiz